Countries with AAA Credit Ratings - Statistics

General Stats
  • This quiz has been taken 1,065 times
    985 since last reset
  • The average score is 10 of 12
Answer Stats
Country % Correct
Norway
92%
Sweden
92%
Germany
91%
United Kingdom
90%
Denmark
88%
Switzerland
88%
Canada
87%
Netherlands
83%
Australia
81%
Luxembourg
70%
Singapore
65%
Liechtenstein
52%
No matching quizzes found
Score Distribution
Percent of People with Each Score
Percentile by Number Answered
Your Score History
You have not taken this quiz since the last reset